Statistics for 100 Rock/Metal Bands Lead Singers

Click here to take the quiz!

General Stats

  • This quiz has been taken 198 times
  • The average score is 18 of 100

Answer Stats

HintAnswer% Correct
Black SabbathOzzy Osbourne
91%
Guns N' RosesAxl Rose
84%
NirvanaKurt Cobain
84%
AerosmithSteven Tyler
81%
Van HalenDavid Lee Roth
75%
Pearl JamEddie Vedder
75%
MetallicaJames Hetfield
73%
AC/DCBrian Johnson
70%
Iron MaidenBruce Dickinson
67%
Rainbow (former)/Black Sabbath (former)/SoloRonnie James Dio
59%
MegadethDave Mustaine
56%
Soundgarden/Audioslave/Temple of the Dog/SoloChris Cornell
54%
KissPaul Stanley
54%
Judas PriestRob Halford
54%
MotörheadLemmy Kilmister
47%
Alice in Chains (former)Layne Staley
40%
Whitesnake/Deep Purple (former)David Coverdale
39%
KornJonathan Davis
39%
Rage Against the MachineZack de la Rocha
39%
Deep PurpleIan Gillan
37%
System of a DownSerj Tankian
36%
Skid Row (former)/SoloSebastian Bach
33%
ScorpionsKlaus Meine
31%
SlayerTom Araya
31%
Down/Pantera (former)Phil Anselmo
28%
DisturbedDavid Draiman
25%
RammsteinTill Lindemann
23%
Nightwish (former)/SoloTarja Turunen
21%
ToolMaynard James Keenan
18%
TestamentChuck Billy
17%
Mercyful Fate (former)/SoloKing Diamond
17%
Cradle of FilthDani Filth
16%
BehemothNergal
16%
Children Of BodomAlexi Laiho
14%
DeathChuck Schuldiner
13%
Queensrÿche (former)Geoff Tate
13%
Lamb Of GodRandy Blythe
13%
Dream TheaterJames LaBrie
12%
TriviumMatt Heafy
10%
RattStephen Pearcy
10%
Accept (former)/U.D.O.Udo Dirkschneider
10%
Lacuna CoilCristina Scabbia
9%
VenomCronos
9%
Helloween (forrmer)/UnisonicMichael Kiske
9%
Arch Enemy (former)Angela Gossow
8%
Warlock (former)/SoloDoro Pesch
8%
Within TemptationSharon den Adel
8%
ManowarEric Adams
7%
Nightwish/Revamp/After Forever (former)Floor Jansen
7%
SabatonJoakim Brodén
7%
OpethMikael Åkerfeldt
7%
EpicaSimone Simons
7%
SaxonBiff Byford
6%
Helloween (former)/Gamma RayKai Hansen
6%
Suicide Silence (former)Mitch Lucker
6%
StratovariusTimo Kotipelto
6%
Mr. BigEric Martin
5%
Edguy/AvantasiaTobias Sammet
5%
The Agonist (former)/Arch EnemyAlissa White-Gluz
4%
MudvayneChad Gray
4%
SepulturaDerrick Green
4%
Blind GuardianHansi Kursch
4%
AnnihilatorJeff Waters
4%
Killswitch EngageJesse Leach
4%
Amon AmarthJohan Hegg
4%
SavatageJon Oliva
4%
AcceptMark Tornillo
4%
KreatorMille Petrozza
4%
BathoryQuorthon
4%
Dimmu BorgirShagrath
4%
Sonata ArcticaTony Kakko
4%
MastodonTroy Sanders
4%
In FlamesAnders Fridén
3%
Angra (former)/Shaman (former)/Viper/SoloAndré Matos
3%
Cannibal CorpseGeorge Corpsegrinder
3%
Machine HeadRobb Flynn
3%
Kamelot (former)Roy Khan
3%
Symphony XRussell Allen
3%
SodomTom Angelripper
3%
Masterplan (former)/SoloJorn Lande
2%
Iced EarthStu Block
2%
Rise AgainstTim McIlrath
2%
HelloweenAndi Deris
1%
EluveitieChrigel Glanzmann
1%
Angra/Rhapsody of Fire/Vision DivineFabio Lione
1%
TankardGerre Geremia
1%
TýrHeri Joensen
1%
MeshuggahJens Kidman
1%
HammerfallJoacim Cans
1%
KorpiklaaniJonne Järvelä
1%
DragonForceMarc Hudson
1%
Gamma Ray (former)/Primal FearRalf Scheepers
1%
ExodusSteve Souza
1%
Municipal WasteTony Foresta
1%
X JapanToshi
1%
OverkillBlitz Ellsworth
0%
XandriaDianne van Giersbergen
0%
CarcassJeffrey Walker
0%
DestructionMarcel Schmier
0%
KamelotTommy Kareivik
0%

Score Distribution

Percentile by Number Answered

Percent of People with Each Score

Your Score History

You have not taken this quiz